Spon's mechanical and electrical services price book (Record no. 115231)

MARC details
000 -LEADER
fixed length control field 01196cam a22002895a 4500
001 - CONTROL NUMBER
control field L158264
008 - FIXED-LENGTH DATA ELEMENTS--GENERAL INFORMATION
fixed length control field 090109s2014 xxk f 001 0 eng d
020 ## - INTERNATIONAL STANDARD BOOK NUMBER
International Standard Book Number 9781482255195
035 ## - SYSTEM CONTROL NUMBER
System control number (Sirsi) u158264
041 0# - LANGUAGE CODE
Language code of text/sound track or separate title eng
050 04 - LIBRARY OF CONGRESS CALL NUMBER
Classification number 692.5 $2 18
110 2# - MAIN ENTRY--CORPORATE NAME
Corporate name or jurisdiction name as entry element AECOM
245 00 - TITLE STATEMENT
Title Spon's mechanical and electrical services price book
Remainder of title 2015
250 ## - EDITION STATEMENT
Edition statement 46th ed.
260 ## - PUBLICATION, DISTRIBUTION, ETC.
Place of publication, distribution, etc. London
Name of publisher, distributor, etc. CRC Press
-- Taylor and Francis
Date of publication, distribution, etc. 2015
300 ## - PHYSICAL DESCRIPTION
Extent xv, 823p.
Dimensions 26cm.
350 ## - PRICE (NR) (BK AM CF MU VM SE) [OBSOLETE]
Price 155
505 2# - FORMATTED CONTENTS NOTE
Formatted contents note Engineering features -- Approximate estimating -- Material costs/measured work prices for mechanical installations -- Rates of wages -- Daywork -- Tables and memoranda
520 ## - SUMMARY, ETC.
Summary, etc. Provides detailed pricing information across the full range of mechanical and electrical services, together with higher level costs for a wide range of systems and different building applications. Includes new infrastructure section with connection scenarios and costs. Contains revisions on renewable energy sections.
520 ## - SUMMARY, ETC.
Summary, etc. Supersedes 45th edition
521 ## - TARGET AUDIENCE NOTE
Target audience note Advanced
590 ## - LOCAL NOTE (RLIN)
Local note KA
651 #4 - SUBJECT ADDED ENTRY--GEOGRAPHIC NAME
Geographic name United Kingdom
Chronological subdivision
690 ## - LOCAL SUBJECT ADDED ENTRY--TOPICAL TERM (OCLC, RLIN)
Topical term or geographic name as entry element BUILT ENVIRONMENT-BUILDING COSTS
942 ## - ADDED ENTRY ELEMENTS (KOHA)
Suppress in OPAC 0
Holdings
Withdrawn status Lost status Source of classification or shelving scheme Damaged status Not for loan Home library Current library Shelving location Date acquired Total Checkouts Full call number Barcode Date last seen Copy number Price effective from Koha item type
    Dewey Decimal Classification     London London Basement 18/11/2014   BASEMENT 30078766 06/08/2019 1 06/08/2019 Book